LIBRARY & INFORMATION CENTRE, KCAET, TAVANUR

ONLINE PUBLIC ACCESS CATALOGUE (OPAC)

Ecology environment and resource conservation / (Record no. 13355)

MARC details
000 -LEADER
fixed length control field 00439cam a2200169ua 4500
041 ## - LANGUAGE CODE
Language code of text/sound track or separate title eng
082 ## - DEWEY DECIMAL CLASSIFICATION NUMBER
Classification number 581.5
Item number SIN/EC
100 ## - MAIN ENTRY--AUTHOR NAME
Personal name Singh, J S .
245 ## - TITLE STATEMENT
Title Ecology environment and resource conservation /
260 ## - PUBLICATION, DISTRIBUTION, ETC. (IMPRINT)
Place of publication New Delhi :
Name of publisher Anamaya Publishers ,
Year of publication 2008.
300 ## - PHYSICAL DESCRIPTION
Number of Pages 687 ; .
700 1# - ADDED ENTRY--PERSONAL NAME
Personal name Gupta, S R .
700 1# - ADDED ENTRY--PERSONAL NAME
Personal name Singh, S P .
942 ## - ADDED ENTRY ELEMENTS (KOHA)
Koha item type Books
Holdings
Withdrawn status Lost status Damaged status Home library Current library Date acquired Full call number Accession Number Koha item type
      KAUAET KAUAET 07/04/2012 581.5 SIN/EC 21589 Books
free website counter